<?xml version="1.0" encoding="UTF-8"?>
<marc:record xmlns:marc="http://www.loc.gov/MARC21/slim">
   <marc:leader>00000nam a2200000 a 4500</marc:leader>
   <marc:datafield ind1="1" ind2=" " tag="100">
      <marc:subfield code="a">Lust-Sauberer, Elisabeth</marc:subfield>
      <marc:subfield code="4">aut</marc:subfield>
      <marc:subfield code="e">Verfasser/-in</marc:subfield>
   </marc:datafield>
   <marc:datafield ind1=" " ind2=" " tag="653">
      <marc:subfield code="a">Jahreszeiten</marc:subfield>
   </marc:datafield>
   <marc:datafield ind1=" " ind2=" " tag="653">
      <marc:subfield code="a">Kochen</marc:subfield>
   </marc:datafield>
   <marc:datafield ind1="0" ind2="0" tag="245">
      <marc:subfield code="a">Kochen wie die Bäuerin</marc:subfield>
   </marc:datafield>
   <marc:datafield ind1="0" ind2="0" tag="245">
      <marc:subfield code="b">mit Elisabeth Lust-Sauberer durch die Jahreszeiten</marc:subfield>
   </marc:datafield>
   <marc:datafield ind1=" " ind2="1" tag="264">
      <marc:subfield code="b">Pichler</marc:subfield>
      <marc:subfield code="c">2016</marc:subfield>
   </marc:datafield>
   <marc:datafield ind1="1" ind2=" " tag="520">
      <marc:subfield code="a">Vom Hausgartl direkt auf den Tisch Wie man mit saisonalen und regionalen Zutaten schmackhaft kocht und wie man die Vorratskammer richtig füllt, wusste man auf Österreichs Bauernhöfen immer schon dieses Buch zapft den reichen kulinarischen Wissensschatz heimischer Bäuerinnen an. Elisabeth Lust-Sauberer, selbst Landwirtin im niederösterreichischen Weinviertel und weithin populär durch ihre Auftritte in TV und Radio, hat bodenständige bäuerliche Rezepte aus ganz Österreich gesammelt und zeitgemäß verfeinert. Mit vielen praktischen Tipps verrät sie überdies, wie Sie Ihre Vorratskammer sinnvoll befüllen und was Sie aus diesen Schätzen dann später zaubern können. Meisterhafte Fotos von René van Bakel machen so richtig Lust aufs Nachkochen. Andreas König stellt in anschaulichen Texten das heutige bäuerliche Leben quer durch die Jahreszeiten vor.</marc:subfield>
   </marc:datafield>
   <marc:datafield ind1=" " ind2=" " tag="020">
      <marc:subfield code="a">9783854317180</marc:subfield>
      <marc:subfield code="9">9783854317180</marc:subfield>
   </marc:datafield>
</marc:record>
